Gossip Girl character - Statistics

General Stats
  • This quiz has been taken 671 times
  • The average score is 13 of 16
Answer Stats
Picture Answer % Correct
Serena Van Der Woodsen
100%
Blair Waldorf
99%
Chuck Bass
99%
Dan Humphrey
99%
Nate Archibald
99%
Lily Van Der Woodsen
97%
Jenny Humphrey
95%
Vanessa Abrams
95%
Georgina Sparks
92%
Bart Bass
90%
Eric Van Der Woodsen
90%
Ivy Dickes
65%
William Van Der Woodsen
58%
CeCe Rhodes
57%
Carol Rhodes
46%
Rufus Humphrey
4%
No matching quizzes found
Score Distribution
Percent of People with Each Score
Percentile by Number Answered
Your Score History
You have not taken this quiz